| 000 | 00832nam a2200229 4500 | ||
|---|---|---|---|
| 005 | 20241010062521.0 | ||
| 999 |
_c14768 _d14768 |
||
| 008 | 191205b ||||| |||| 00| 0 eng d | ||
| 020 | _a978-971-98-1071-1 | ||
| 082 |
_22018 _aDFil 155.2 _bM119 |
||
| 100 |
_aMacayan, Jonathan Veran. _940819 |
||
| 245 |
_aUnderstanding the self : _boutcome-based module / _cJonathan Veran Macayan, Jasmine Nadja Junghan Pinugu, John Christopher Dimasaka Castillo |
||
| 260 |
_aQuezon City : _bC & E Publishing, Inc., _c©2018 |
||
| 300 |
_avii, 285 pages: _billustrations ; _c22 cm |
||
| 500 | _aIncludes index. | ||
| 650 |
_aPsychology _940820 |
||
| 650 |
_aSelf _940821 |
||
| 650 |
_aHuman behavior _940822 |
||
| 700 |
_aPinugu, Jasmine Nadja Junghan. _940823 |
||
| 700 |
_aCastillo, John Christopher Dimasaka. _940824 |
||
| 365 |
_b395.00 _cPhp |
||
| 942 |
_2ddc _cDFIL |
||